| 000 | 00863nam a2200277 a 4500 | ||
|---|---|---|---|
| 999 |
_c796 _d796 |
||
| 008 | 191031s2012 ii a|||g |||| 001 0 eng d | ||
| 020 |
_a9788131774359 _cRs. 675.00 |
||
| 040 |
_aKO _beng |
||
| 041 | 0 | _aeng | |
| 044 | _aii | ||
| 082 | 0 | 4 |
_223 _a620.00420285 _bC1139 |
| 110 | 2 | _aCADCIM Technologies | |
| 245 | 1 | 0 |
_aAutoCAD LT 2012 : _bfor Engineers / _cCADCIM Technologies, Sham Tickoo, Gaurav Verma |
| 260 |
_aNew Dellhi : _bDorling Kindersley (India) Pvt Ltd, _c2012 |
||
| 300 |
_aVarious pagination : _bill. ; _c23 cm. |
||
| 504 | _aIncludes index. | ||
| 650 | 0 |
_aElectrical engineering -- Software _vTextbooks |
|
| 650 | 0 |
_aComputer-aided design -- Software _vTextbooks |
|
| 650 | 0 | _aProjection | |
| 650 | 0 | _aTolerance (Engineering) | |
| 700 | 1 |
_aTickoo, Sham _eaut |
|
| 700 | 1 |
_aPandita, Shafali _eaut |
|
| 904 | _aS_JOY | ||
| 942 | _cBK | ||